Music Quiz

Random Music or Bands Quiz

10 to 1: Classic Rock Songs X Quiz Stats

 Plays Quiz Updated Nov 19, 2017

Challenge
Share
Tweet
Embed
Score 0/55 Timer 06:00
5 Plays Today
% Correct
Livin' on a Prayer
88.2%
You Give Love a Bad Name
85.9%
Anarchy in the U.K.
83.8%
Wanted Dead or Alive
82.7%
Jeremy
82.2%
A Horse with No Name
78.8%
Even Flow
77.3%
God Save the Queen
76.4%
Alive
75.4%
Burning Down the House
75.2%
Better Man
72.9%
Here I Go Again
72.3%
Bad Medicine
71.9%
Psycho Killer
70.1%
Daughter
67.7%
Breaking the Law
65%
Black
64.3%
Abacab
62.5%
Radar Love
61.5%
Once in a Lifetime
58.5%
Yellow Ledbetter
57.6%
You've Got Another Thing Comin'
54.6%
Take Me to the River
54%
Sister Golden Hair
50.5%
Runaway
49.1%
I'll Be There for You
48.8%
Living After Midnight
48.5%
That's All
48.4%
% Correct
Ventura Highway
47.5%
Wild Wild Life
46.5%
Road to Nowhere
45.4%
The Lamb Lies Down on Broadway
44.5%
Rearviewmirror
43.7%
Twilight Zone
43.5%
Life During Wartime
42.1%
Mama
39.9%
Painkiller
39.7%
Pretty Vacant
39.3%
Lucky Man
37%
Do the Evolution
35.4%
Carpet Crawlers
33%
Holidays in the Sun
32.4%
Behind the Lines
32.1%
I Know What I Like (In Your Wardrobe)
31%
This Must Be the Place
31%
Tin Man
30.4%
Karn Evil 9
29%
State of Love and Trust
28.9%
Watcher of the Skies
28.5%
Supper's Ready
27.2%
Delivering the Goods
26.1%
The Sentinel
24.4%
Victim of Changes
23.8%
From the Beginning
23.2%
Problems
20.6%

You're not logged in!

Compare scores with friends on all Sporcle quizzes.
OR
Log In

You Might Also Like...

Show Comments

Extras

Top Quizzes Today


Score Distribution

Your Account Isn't Verified!

In order to create a playlist on Sporcle, you need to verify the email address you used during registration. Go to your Sporcle Settings to finish the process.

Report this User

Report this user for behavior that violates our Community Guidelines.

Details: